The Last of Us TV Series Episodes - Statistics

General Stats
  • This quiz has been taken 45 times
  • The average score is 5 of 9
Answer Stats
Episode Title % Correct
9 Look for the Light
72%
2 Infected
62%
7 Left Behind
62%
5 Endure and Survive
59%
6 Kin
59%
3 Long Long Time
55%
1 When You're Lost in the Darkness
55%
4 Please Hold to My Hand
31%
8 When We Are in Need
28%
No matching quizzes found
Score Distribution
Percent of People with Each Score
Percentile by Number Answered
Your Score History
You have not taken this quiz